Statistics for All Time Passers Leaders in Yards

Click here to take the quiz!

General Stats

  • This quiz has been taken 10 times
  • The average score is 12 of 20

Answer Stats

HintAnswer% Correct
First Overall Pick in 2004Eli Manning
100%
Won 4 Super Bowls With 49ersJoe Montana
100%
First Overall Pick in 1998Peyton Manning
100%
Only QB to win 5 Super BowlsTom Brady
100%
NFL MVP 1995-1997Brett Favre
80%
NFL MVP 1984Dan Marino
80%
Super Bowl XLIV ChampionDrew Brees
80%
MVP of Super Bowl XXXIIIJohn Elway
80%
Won Super Bowl VJohnny Unitas
80%
11th in 2004 NFL DraftBen Roethlisberger
70%
First Overall Pick in 2003Carson Palmer
50%
NFL MVP in 1982Dan Fouts
50%
MVP in 1975Fran Tarkenton
50%
4th Pick in 2004 NFL DraftPhilip Rivers
50%
Went Undrafted in 1978Warren Moon
50%
First Overall Pick in 1993Drew Bledsoe
40%
Won the Heisman in 1986Vinny Testaverde
30%
NFL MVP in 1988Boomer Esiason
20%
Member of Seattle Seahawks Ring of HonorDave Krieg
20%
Lost Super Bowl XXXVKerry Collins
10%

Score Distribution

Percentile by Number Answered

Percent of People with Each Score

Your Score History

You have not taken this quiz